Statistics for Countries by Island

Click here to take the quiz!

General Stats

  • This quiz has been taken 86 times
  • The average score is 14 of 15

Answer Stats

Island Country % Correct
United Kingdom
99%
Indonesia
99%
Indonesia
99%
United Kingdom
99%
Indonesia
99%
Malaysia
96%
IrelandIreland
96%
TimorEast Timor
95%
HispaniolaDominican Republic
95%
New GuineaPapua New Guinea
95%
Haiti
94%
BorneoBrunei
89%
CyprusCyprus
84%
Isla Grande Tierra del FuegoArgentina
73%
Chile
71%

Score Distribution

Percentile by Number Answered

Percent of People with Each Score

Your Score History

You have not taken this quiz